[Event "LSS OP-2009-0-01007"]
[Site "LSS email"]
[Date "2009.11.29"]
[Round "?"]
[White "Richter, Klaus"]
[Black "Rugg, Graham"]
[Result "1-0"]
[WhiteElo "471"]
[BlackElo "800"]
[PlyCount "35"]
[EventDate "2009.11.23"]
[EventType "tourn (corr)"]
[EventRounds "4"]
[EventCountry "GER"]
[SourceTitle "Telechess CBM 137"]
[Source "ChessBase"]
[SourceDate "2010.07.15"]
[SourceVersion "1"]
[SourceVersionDate "2010.07.15"]
[SourceQuality "1"]

1. d4 f5 2. g3 Nf6 3. Bg2 g6 4. Nf3 Bg7 5. 0-0 0-0 6. b3 d6 7. Bb2 Nbd7 8. Ng5 Nb6 9. a4 Re8 10. a5 Nbd5 11. c4 Nb4 12. Qd2 c5 13. dxc5 dxc5 14. Qxd8 Rxd8 15. a6 Rb8 16. axb7 Rxb7 17. Bxb7 Bxb7 18. Rxa7 1-0